<?xml version="1.0" encoding="UTF-8"?>
<collection xmlns="http://www.loc.gov/MARC21/slim">
 <record>
  <leader>07354nam a2200409 a 4500</leader>
  <controlfield tag="001">kal4670</controlfield>
  <controlfield tag="003">Gr-AtHEAL</controlfield>
  <controlfield tag="005">20160425092408.0</controlfield>
  <controlfield tag="006">m        d        </controlfield>
  <controlfield tag="008">160413s2015    gr      s           gre|c</controlfield>
  <datafield tag="020" ind1=" " ind2=" ">
   <subfield code="a">9789606031984</subfield>
  </datafield>
  <datafield tag="040" ind1=" " ind2=" ">
   <subfield code="a">GR-AtHEAL</subfield>
   <subfield code="b">gre</subfield>
   <subfield code="c">GR-AtHEAL</subfield>
  </datafield>
  <datafield tag="082" ind1="0" ind2="4">
   <subfield code="a">304.6</subfield>
   <subfield code="2">23</subfield>
  </datafield>
  <datafield tag="100" ind1="1" ind2=" ">
   <subfield code="a">Τραγάκη, Αλεξάνδρα.</subfield>
   <subfield code="8">1321</subfield>
  </datafield>
  <datafield tag="245" ind1="1" ind2="0">
   <subfield code="a">Περί δημογραφίας και πληθυσμιακών εξελίξεων</subfield>
   <subfield code="h">[Ηλεκτρονικός πόρος] </subfield>
   <subfield code="c">Τραγάκη, Αλεξάνδρα ; Ντόυνας, Δημήτριος ; Μπαγκαβός, Χρήστος ;  Κριτικός αναγνώστης,Γκούσια, Μαρία ; .</subfield>
  </datafield>
  <datafield tag="260" ind1=" " ind2=" ">
   <subfield code="a">Αθήνα :</subfield>
   <subfield code="b">Σύνδεσμος Ελληνικών Ακαδημαϊκών Βιβλιοθηκών,</subfield>
   <subfield code="c">c2015.</subfield>
  </datafield>
  <datafield tag="490" ind1=" " ind2=" ">
   <subfield code="a">Ακαδημαϊκά Ηλεκτρονικά Συγγράμματα και Βοηθήματα Κάλλιπος</subfield>
   <subfield code="8">40</subfield>
  </datafield>
  <datafield tag="505" ind1=" " ind2=" ">
   <subfield code="a">1. Η μακρά ιστορία μίας σύγχρονης επιστήμης2. Τι είναι δημογραφία3. Πήγες δημογραφικών δεδομένων4. Τα εργαλεία της δημογραφίας5. Μέθοδοι και τεχνικές δημογραφικής ανάλυσης6. Η ιστορία του παγκοσμίου πληθυσμού7. Ο 20ος αιώνας: εκατό χρονιά ραγδαίων πληθυσμιακών εξελίξεων8. Οι δημογραφικές προκλήσεις του 21ο άι.9. Δημογραφικές μεταβολές στην Ελλάδα από τη δημιουργία του συγχρόνου ελληνικού κράτους μέχρι σήμερα10. Αναπαραγωγή και φθορά του πληθυσμού στην Ελλάδα11. Διεθνής μετανάστευση: η μετατροπή της Ελλάδας από χωρά εκροής σε χωρά εισροής μεταναστών12. Κοινωνικό-οικονομικές επιπτώσεις των δημογραφικών μεταβολών και προοπτικές εξέλιξης του πληθυσμού της Ελλάδας</subfield>
  </datafield>
  <datafield tag="520" ind1=" " ind2=" ">
   <subfield code="a">Σκοπός αυτής της προσπάθειας είναι να δημιουργηθεί ένα σύγχρονο εγχειρίδιο δημογραφίας που όμως θα ξεφεύγει από την παραδοσιακή παρουσίαση δημογραφικών τεχνικών και δεικτών. Στόχος είναι η παρουσίαση της ιστορίας της δημογραφίας ως επιστήμη, η ανάπτυξη δεικτών, μέτρων μεθόδων και τεχνικών που χρησιμοποιεί και η ανάδειξη του ρόλου και της σημασίας των πληθυσμιακών εξελίξεων στην κοινωνική και οικονομική ανάπτυξη μιας περιοχής. Επιπλέον, παρουσιάζονται οι βασικές εξελίξεις σε παγκόσμιο επίπεδο και στην Ελλάδα, τονίζονται οι γεωγραφικές και διαχρονικές διαφοροποιήσεις, οι βασικές ερμηνευτικές παράμετροι πίσω από αυτές καθώς και οι σημαντικότερες συνέπειες τους. Το βιβλίο αυτό αποτελείται από τρεις ενότητες: Η πρώτη έχει τίτλο &quot;Δημογραφία, Αντικείμενο-Εργαλεία-Μεθοδολογία-Εφαρμογές&quot; και παραουσιάζει τις πληθυσμιακές θεωρίες που αναπτύχθηκαν πριν γεννηθεί η δημογραφία ως επιστήμη, και οι παράγοντες που συνέβαλλαν στην καθιέρωσή της (Κεφ.1). Αναλύεται το αντικείμενο της δημογραφίας (Κεφ.2), οι διαφορετικές πηγές δημογραφικών δεδομένων (Κεφ.3) τα εργαλεία (Κεφ4) οι μέθοδοι και τεχνικές δημογραφικής ανάλυσης (Κεφ.5)Η δεύτερη με τίτλο &quot;Ο Παγκόσμιος Πληθυσμός: Χθες – Σήμερα -Αύριο&quot; παρουσιάζει τις δημογραφικές εξελίξεις σε παγκόσμιο επίπεδο (Κεφ 6), επικεντρώνεται στον 20ο αι. (Κεφ.7) και την πρώτη δεκαετία του 21ου αι και τις προκλήσεις του μέλλοντος (Κεφ.8).Η τρίτη ενότητα κάτω από τον τίτλο &quot;Ο πληθυσμός της σύγχρονης Ελλάδας: Εξελίξεις, προσδιοριστικοί παράγοντες και συνέπειες&quot; παρουσιάζει τη δημογραφική εξέλιξη του πληθυσμού της Ελλάδας και των ιδιαίτερων χαρακτηριστικών του (Κεφ. 9), τις διαφοροποιήσεις της γονιμότητας και θνησιμότητας ως προς τις γεωγραφικές, ηλικιακές και κοινωνικές παραμέτρους (Κεφ. 10), παρουσιάζει τις σημαντικότερες εξελίξεις αναφορικά με τον πληθυσμό άλλης υπηκοότητας στην Ελλάδα σε εθνικό και περιφερειακό επίπεδο (Κεφ. 11) πραγματεύεται τα ζητήματα των προοπτικών εξέλιξης του πληθυσμού της Ελλάδας και των επιπτώσεων τους (Κεφ. 12).</subfield>
  </datafield>
  <datafield tag="650" ind1=" " ind2="0">
   <subfield code="a">Demography</subfield>
   <subfield code="z">Greece</subfield>
   <subfield code="8">2377</subfield>
  </datafield>
  <datafield tag="653" ind1=" " ind2=" ">
   <subfield code="a">Δημογραφικά ζητήματα</subfield>
  </datafield>
  <datafield tag="653" ind1=" " ind2=" ">
   <subfield code="a">Πληθυσμός της Ελλάδας</subfield>
  </datafield>
  <datafield tag="653" ind1=" " ind2=" ">
   <subfield code="a">Παγκόσμιος πληθυσμός</subfield>
  </datafield>
  <datafield tag="653" ind1=" " ind2=" ">
   <subfield code="a">Εργαλεία μέθοδοι τεχνικές δημογραφικής ανάλυσης</subfield>
  </datafield>
  <datafield tag="653" ind1=" " ind2=" ">
   <subfield code="a">Δημογραφία</subfield>
   <subfield code="a">Ανθρωπογεωγραφία</subfield>
   <subfield code="a">Οικονομική γεωγραφία</subfield>
   <subfield code="a">Γεωδημογραφικά</subfield>
  </datafield>
  <datafield tag="653" ind1=" " ind2=" ">
   <subfield code="a">Δημογραφία</subfield>
   <subfield code="a">Χαρακτηριστικά πληθυσμου</subfield>
  </datafield>
  <datafield tag="653" ind1=" " ind2=" ">
   <subfield code="a">Δημογραφία</subfield>
   <subfield code="a">Μέγεθος πληθυσμού και δημογραφική εξέλιξη</subfield>
  </datafield>
  <datafield tag="653" ind1=" " ind2=" ">
   <subfield code="a">Δημογραφία</subfield>
   <subfield code="a">Θνησιμότητα και γονιμότητα</subfield>
  </datafield>
  <datafield tag="653" ind1=" " ind2=" ">
   <subfield code="a">Δημογραφία</subfield>
   <subfield code="a">Θεωρία και μεθοδολογία έρευνας και ανάλυσης</subfield>
  </datafield>
  <datafield tag="700" ind1="1" ind2=" ">
   <subfield code="a">Ντούνας, Δημήτριος</subfield>
   <subfield code="e">Συγγραφέας</subfield>
   <subfield code="8">1322</subfield>
  </datafield>
  <datafield tag="700" ind1="1" ind2=" ">
   <subfield code="a">Μπαγκαβός, Χρήστος</subfield>
   <subfield code="e">Συγγραφέας</subfield>
   <subfield code="8">1323</subfield>
  </datafield>
  <datafield tag="700" ind1="1" ind2=" ">
   <subfield code="a">Γκούσια, Μαρία</subfield>
   <subfield code="e">Κριτικός αναγνώστης</subfield>
   <subfield code="8">1324</subfield>
  </datafield>
  <datafield tag="856" ind1="4" ind2="0">
   <subfield code="u">http://hdl.handle.net/11419/4670</subfield>
   <subfield code="z">Πλήρες Κείμενο - Full text</subfield>
  </datafield>
  <datafield tag="907" ind1=" " ind2=" ">
   <subfield code="a">.b25681333</subfield>
   <subfield code="b">12-06-18</subfield>
   <subfield code="c">29-07-16</subfield>
  </datafield>
  <datafield tag="949" ind1=" " ind2=" ">
   <subfield code="0">0</subfield>
   <subfield code="1">0</subfield>
   <subfield code="2">ddc</subfield>
   <subfield code="4">0</subfield>
   <subfield code="6">304_600000000000000_ΤΡΑ</subfield>
   <subfield code="7">0</subfield>
   <subfield code="8">KALL</subfield>
   <subfield code="8">892</subfield>
   <subfield code="d">2016-04-13</subfield>
   <subfield code="r">2016-04-13</subfield>
   <subfield code="w">2016-04-13</subfield>
   <subfield code="z">304.6 ΤΡΑ</subfield>
   <subfield code="o">SEAB KALLIPOS</subfield>
  </datafield>
  <datafield tag="998" ind1=" " ind2=" ">
   <subfield code="a">80</subfield>
   <subfield code="a">01</subfield>
   <subfield code="a">02</subfield>
   <subfield code="a">03</subfield>
   <subfield code="a">04</subfield>
   <subfield code="a">05</subfield>
   <subfield code="a">06</subfield>
   <subfield code="a">07</subfield>
   <subfield code="a">08</subfield>
   <subfield code="a">09</subfield>
   <subfield code="a">10</subfield>
   <subfield code="a">11</subfield>
   <subfield code="a">12</subfield>
   <subfield code="a">13</subfield>
   <subfield code="a">14</subfield>
   <subfield code="a">15</subfield>
   <subfield code="a">16</subfield>
   <subfield code="a">17</subfield>
   <subfield code="a">18</subfield>
   <subfield code="a">19</subfield>
   <subfield code="a">20</subfield>
   <subfield code="a">21</subfield>
   <subfield code="a">22</subfield>
   <subfield code="a">23</subfield>
   <subfield code="a">24</subfield>
   <subfield code="a">25</subfield>
   <subfield code="a">26</subfield>
   <subfield code="b">25-05-17</subfield>
   <subfield code="c">m</subfield>
   <subfield code="d">z  </subfield>
   <subfield code="e">-</subfield>
   <subfield code="f">gre</subfield>
   <subfield code="g">gr </subfield>
   <subfield code="h">0</subfield>
  </datafield>
  <datafield tag="942" ind1=" " ind2=" ">
   <subfield code="2">ddc</subfield>
   <subfield code="c">KALLIPOS</subfield>
  </datafield>
 </record>
</collection>
